<The> Economic journal <the> journal of the Royal Economic Society

Guardado en:
Detalles Bibliográficos
Formato: Seriadas
Lenguaje:inglés
Publicado: London Royal Economic Society 2007
Materias:
Etiquetas: Agregar Etiqueta
Sin Etiquetas, Sea el primero en etiquetar este registro!

MARC

LEADER 00000nas2a2200000 4500
001 0129500
005 20110518140344.6
022 |a 0013-0133 
041 0 |a eng 
044 |a GB 
245 1 0 |a <The> Economic journal  |b <the> journal of the Royal Economic Society 
264 1 |a London  |b Royal Economic Society  |c 2007 
773 0 |w eu_un_cat*s120145 
610 2 0 |a analýza ekonomická 
610 2 0 |a ekonometria 
610 2 0 |a hospodárstvo svetové